| 000 | 00387pab a2200157 454500 | ||
|---|---|---|---|
| 008 | 180718b1997 xxu||||| |||| 00| 0 eng d | ||
| 100 | _aMukherjee, N. | ||
| 245 | _aHuman resources development in police | ||
| 260 | _c1997 | ||
| 300 | _ap.68-71 | ||
| 362 | _aJan-Jun | ||
| 650 | _aHuman resources development | ||
| 650 | _aPolice | ||
| 773 | _aIndian Police Journal | ||
| 909 | _a38390 | ||
| 999 |
_c38390 _d38390 |
||